[Event "HUN-chT2 Toth 2223"]
[Site "Hungary"]
[Date "2022.12.18"]
[Round "5.2"]
[White "Megyaszai, Balazs"]
[Black "Szilassi, Abel"]
[Result "1-0"]
[WhiteElo "2035"]
[BlackElo "1974"]
[PlyCount "63"]
[EventDate "2022.10.16"]
[EventType "team-tourn"]
[EventRounds "11"]
[EventCountry "HUN"]
[SourceTitle "EXT 2025"]
[Source "ChessBase"]
[SourceDate "2024.10.14"]
[SourceVersion "1"]
[SourceVersionDate "2024.10.14"]
[SourceQuality "1"]
[WhiteTeam "Maroczy II"]
[BlackTeam "Meritum II"]
[WhiteTeamCountry "HUN"]
[BlackTeamCountry "HUN"]

1. e4 g6 2. d4 Bg7 3. Nf3 d6 4. h3 Nf6 5. Nc3 0-0 6. Bg5 c5 7. dxc5 dxc5 8. Qxd8 Rxd8 9. e5 Nfd7 10. e6 fxe6 11. Bxe7 Re8 12. Bh4 a6 13. Ne4 Nc6 14. 0-0-0 Rf8 15. c3 Rf4 16. Nd6 Nde5 17. Bg3 Ra4 18. Nd2 b5 19. N2e4 c4 20. Kb1 b4 21. f4 Nf7 22. Bxc4 bxc3 23. Bb3 Nxd6 24. Bxa4 Nxe4 25. Bxc6 Nxg3 26. Bxa8 Nxh1 27. bxc3 Ng3 28. Rd8+ Kf7 29. Rxc8 Ne2 30. Kc2 Nxf4 31. Rc6 Nd5 32. Rxa6 1-0

[Event "HUN-chT1 Maroczy 2122"]
[Site "Hungary"]
[Date "2022.02.13"]
[Round "8.10"]
[White "Szabo, Kristof"]
[Black "Szilassi, Abel"]
[Result "1-0"]
[WhiteElo "2007"]
[BlackElo "1987"]
[PlyCount "41"]
[EventDate "2021.10.10"]
[EventType "team-tourn"]
[EventRounds "11"]
[EventCountry "HUN"]
[SourceTitle "EXT 2025"]
[Source "ChessBase"]
[SourceDate "2024.10.14"]
[SourceVersion "1"]
[SourceVersionDate "2024.10.14"]
[SourceQuality "1"]
[WhiteTeam "Vasas"]
[BlackTeam "Meritum Egyesulet"]
[WhiteTeamCountry "HUN"]
[BlackTeamCountry "HUN"]

1. e4 g6 2. d4 Bg7 3. Nc3 c6 4. Be3 d5 5. e5 Nh6 6. Qd2 Nf5 7. Bf4 0-0 8. g4 Nh4 9. Bg5 f6 10. Bxh4 fxe5 11. dxe5 Bxe5 12. h3 Bf4 13. Qd3 Qb6 14. Nge2 Qxb2 15. Rb1 Qa3 16. Nxd5 Qa5+ 17. Ndc3 g5 18. Nxf4 gxh4 19. Nfe2 Be6 20. Bg2 Rd8 21. Qe3 1-0

[Event "HUN-chT2 Maroczy 1819"]
[Site "Hungary"]
[Date "2018.10.28"]
[Round "3.11"]
[White "Szilassi, Abel"]
[Black "Miszler, Levente"]
[Result "1/2-1/2"]
[WhiteElo "1996"]
[BlackElo "2021"]
[PlyCount "56"]
[EventDate "2018.09.23"]
[EventType "team-tourn"]
[EventRounds "11"]
[EventCountry "HUN"]
[SourceTitle "EXT 2020"]
[Source "ChessBase"]
[SourceDate "2019.10.17"]
[SourceVersion "1"]
[SourceVersionDate "2019.10.17"]
[SourceQuality "1"]
[WhiteTeam "Szeged Maroczy II"]
[BlackTeam "Toth Laszlo"]
[WhiteTeamCountry "HUN"]
[BlackTeamCountry "HUN"]

1. e4 Nc6 2. d4 e5 3. d5 Nce7 4. c4 Ng6 5. Nc3 Nf6 6. Be3 Bb4 7. f3 Bxc3+ 8. bxc3 0-0 9. c5 d6 10. Bb5 a6 11. Ba4 Nxe4 12. fxe4 Qh4+ 13. Bf2 Qxe4+ 14. Ne2 Nf4 15. Bc2 Nxg2+ 16. Kd2 Qxd5+ 17. Kc1 Qxd1+ 18. Rxd1 Bg4 19. Rg1 Bxe2 20. Rxg2 Bf3 21. Rg3 e4 22. Rb1 Rab8 23. cxd6 cxd6 24. Ba7 Rbc8 25. Rxb7 g6 26. Bd4 Rb8 27. Ra7 Ra8 28. Rb7 Rab8 1/2-1/2

[Event "HUN-chT2 Toth 1617"]
[Site "Hungary"]
[Date "2017.04.09"]
[Round "11.3"]
[White "Szilassi, Abel"]
[Black "Leszko, Bence"]
[Result "1-0"]
[WhiteElo "2023"]
[BlackElo "2001"]
[PlyCount "59"]
[EventDate "2016.09.25"]
[EventType "team-tourn"]
[EventRounds "11"]
[EventCountry "HUN"]
[SourceTitle "EXT 2021"]
[Source "ChessBase"]
[SourceDate "2020.10.23"]
[SourceVersion "1"]
[SourceVersionDate "2020.10.23"]
[SourceQuality "1"]
[WhiteTeam "Szeged Maroczy II"]
[BlackTeam "Mako Duocor II"]
[WhiteTeamCountry "HUN"]
[BlackTeamCountry "HUN"]

1. e4 e6 2. d4 b6 3. c4 Bb7 4. Nc3 Bb4 5. Bd3 f5 6. Qh5+ g6 7. Qe2 Nf6 8. f3 fxe4 9. fxe4 Bxc3+ 10. bxc3 Nxe4 11. Nf3 d5 12. Bxe4 dxe4 13. Ng5 Qe7 14. 0-0 h6 15. Nxe4 Nd7 16. a4 0-0-0 17. Qg4 Ba6 18. Ba3 Qg7 19. Nd2 Rhe8 20. a5 Ne5 21. dxe5 Rxd2 22. Bc1 h5 23. Qf4 Re2 24. Qf3 Rxe5 25. Qa8+ Kd7 26. Rd1+ Ke7 27. Ba3+ Rc5 28. Bxc5+ bxc5 29. Qxa7 Qxc3 30. Qxc7+ 1-0

[Event "HUN-chT2 Toth 1516"]
[Site "Hungary"]
[Date "2015.10.18"]
[Round "3.2"]
[White "Szilassi, Abel"]
[Black "Horvath, Jozsef"]
[Result "1-0"]
[WhiteElo "2026"]
[BlackElo "2080"]
[PlyCount "51"]
[EventDate "2015.09.13"]
[EventType "team-tourn"]
[EventRounds "11"]
[EventCountry "HUN"]
[SourceTitle "CBM 170 Extra"]
[Source "ChessBase"]
[SourceDate "2016.02.25"]
[SourceVersion "1"]
[SourceVersionDate "2016.02.25"]
[SourceQuality "1"]
[WhiteTeam "Maroczy II"]
[BlackTeam "Takisz"]
[WhiteTeamCountry "HUN"]
[BlackTeamCountry "HUN"]

1. e4 c5 2. Nf3 e6 3. d4 cxd4 4. Nxd4 a6 5. Nc3 Qc7 6. Bd3 d6 7. 0-0 Nd7 8. Be3 Ngf6 9. f4 b5 10. f5 e5 11. Nb3 Bb7 12. Qf3 Nc5 13. Nxc5 dxc5 14. Nd5 Bxd5 15. exd5 Rd8 16. c4 Qb8 17. b3 Be7 18. Rae1 Kf8 19. Qe2 b4 20. Bf4 Nd7 21. Bxe5 Nxe5 22. Qxe5 Bd6 23. Qe3 Bxh2+ 24. Kh1 Qc7 25. f6 h6 26. Qe7+ 1-0

[Event "HUN-ch U14"]
[Site "Balatonlelle"]
[Date "2013.06.23"]
[Round "3"]
[White "Peczely, Sebastian Zsombor"]
[Black "Szilassi, Abel"]
[Result "1-0"]
[WhiteElo "2147"]
[BlackElo "1828"]
[PlyCount "109"]
[EventDate "2013.??.??"]
[EventType "tourn"]
[EventRounds "9"]
[EventCountry "HUN"]
[SourceTitle "EXT 2014"]
[Source "ChessBase"]
[SourceDate "2013.11.20"]
[SourceVersion "1"]
[SourceVersionDate "2013.11.20"]
[SourceQuality "1"]

1. e4 e6 2. Nf3 d5 3. e5 c5 4. c3 Nc6 5. Bb5 Qb6 6. Ba4 Bd7 7. 0-0 Nge7 8. Re1 Nf5 9. Bc2 Be7 10. Bxf5 exf5 11. d4 Be6 12. b3 cxd4 13. cxd4 Bb4 14. Rf1 Rc8 15. Qd3 a5 16. a3 Be7 17. Bd2 0-0 18. Nc3 Na7 19. Ne2 Qb5 20. Qxb5 Nxb5 21. a4 Na3 22. Bxa5 Rc2 23. Nf4 Ra8 24. Bb6 Rb2 25. Bc5 Bxc5 26. dxc5 Rxb3 27. Nd4 Rb4 28. Nfxe6 fxe6 29. Nxe6 Raxa4 30. Nc7 Nc2 31. Rxa4 Rxa4 32. Nxd5 Rc4 33. f4 Kf7 34. Rb1 Rxc5 35. Rxb7+ Kf8 36. Nc7 Nd4 37. Kf2 Rc6 38. Ke3 Ne6 39. Nxe6+ Rxe6 40. Kd4 Rg6 41. g3 Rh6 42. Kd5 Rxh2 43. Kd6 Rd2+ 44. Ke6 Rd8 45. Kxf5 Re8 46. g4 Re7 47. Rxe7 Kxe7 48. Ke4 Ke6 49. f5+ Ke7 50. g5 Kf7 51. Kd5 Kf8 52. Kd6 h5 53. gxh6 gxh6 54. Kd7 h5 55. e6 1-0

[Event "HUN-ch U14"]
[Site "Balatonlelle"]
[Date "2013.06.22"]
[Round "2"]
[White "Szilassi, Abel"]
[Black "Gledura, Benjamin"]
[Result "0-1"]
[WhiteElo "1828"]
[BlackElo "2421"]
[PlyCount "50"]
[EventDate "2013.??.??"]
[EventType "tourn"]
[EventRounds "9"]
[EventCountry "HUN"]
[SourceTitle "EXT 2014"]
[Source "ChessBase"]
[SourceDate "2013.11.20"]
[SourceVersion "1"]
[SourceVersionDate "2013.11.20"]
[SourceQuality "1"]

1. e4 c5 2. Nf3 e6 3. d4 cxd4 4. Nxd4 a6 5. Nc3 Qc7 6. Be3 Bb4 7. Qd2 Nf6 8. f3 d5 9. e5 Qxe5 10. 0-0-0 Qc7 11. Bf4 Qa5 12. Nb3 Bxc3 13. Nxa5 Bxd2+ 14. Rxd2 b6 15. Nb3 0-0 16. Bc7 Nbd7 17. Nd4 Bb7 18. Bd3 Rfe8 19. f4 Rac8 20. Be5 Ng4 21. Re1 Nc5 22. h3 Nf2 23. Kb1 Nfe4 24. Bxe4 Nxe4 25. Rxe4 dxe4 0-1

[Event "HUN-chT2 Toth 1213"]
[Site "Hungary"]
[Date "2012.11.04"]
[Round "3.9"]
[White "Moczo, Istvan"]
[Black "Szilassi, Abel"]
[Result "1/2-1/2"]
[WhiteElo "1976"]
[BlackElo "1813"]
[PlyCount "95"]
[EventDate "2012.09.16"]
[EventType "team-tourn"]
[EventRounds "11"]
[EventCountry "HUN"]
[SourceTitle "EXT 2014"]
[Source "ChessBase"]
[SourceDate "2013.11.20"]
[SourceVersion "1"]
[SourceVersionDate "2013.11.20"]
[SourceQuality "1"]
[WhiteTeam "Takisz"]
[BlackTeam "Maroczy II"]
[WhiteTeamCountry "HUN"]
[BlackTeamCountry "HUN"]

1. d4 d5 2. c4 c6 3. Nf3 Nf6 4. Bg5 e6 5. e3 dxc4 6. Bxc4 b5 7. Bd3 a6 8. Nc3 Nbd7 9. 0-0 h6 10. Bh4 Bb7 11. Rc1 c5 12. dxc5 Nxc5 13. Bb1 b4 14. Ne2 Bxf3 15. gxf3 Qa5 16. Bxf6 gxf6 17. Qd4 Nd7 18. Rfd1 Rd8 19. Rc8 Rg8+ 20. Kh1 Qa4 21. Rxd8+ Kxd8 22. b3 Qb5 23. Bd3 Qe5 24. Bxa6 Qxd4 25. Rxd4 Rg5 26. Rd2 Kc7 27. f4 Ra5 28. Bc4 Nc5 29. f3 f5 30. Nd4 Kb6 31. Kg2 Bg7 32. h3 Bxd4 33. exd4 Nd7 34. d5 Nc5 35. dxe6 fxe6 36. Rb2 Kc7 37. Kg3 Kd6 38. Kh4 Ke7 39. Kh5 Kf6 40. Rg2 Kf7 41. Kxh6 Ra8 42. Kh7 Kf6 43. h4 Ra7+ 44. Kh6 Ra8 45. Rg6+ Kf7 46. Rg7+ Kf6 47. Rg6+ Kf7 48. Rg7+ 1/2-1/2

[Event "EU-ch U12"]
[Site "Albena"]
[Date "2011.09.17"]
[Round "6"]
[White "Szilassi, Abel"]
[Black "Capone, Nicola"]
[Result "0-1"]
[WhiteElo "1795"]
[BlackElo "2043"]
[PlyCount "76"]
[EventDate "2011.09.11"]
[EventType "swiss"]
[EventRounds "9"]
[EventCountry "BUL"]
[SourceTitle "CBM 144 Extra"]
[Source "ChessBase"]
[SourceDate "2011.10.28"]
[SourceVersion "1"]
[SourceVersionDate "2011.10.28"]
[SourceQuality "1"]

1. e4 c5 2. Nf3 d6 3. d4 cxd4 4. Nxd4 Nf6 5. Nc3 Nc6 6. Bg5 e6 7. Bb5 Bd7 8. Bxc6 bxc6 9. Qf3 c5 10. e5 dxe5 11. Bxf6 gxf6 12. Nc6 Qc8 13. Qxf6 Qxc6 14. Qxh8 Qxg2 15. 0-0-0 Qg7 16. Qxg7 Bxg7 17. Ne4 Bc6 18. Nd6+ Ke7 19. Rhg1 Bh6+ 20. Kb1 Bf3 21. Rd3 e4 22. Rxf3 exf3 23. Ne4 Bf4 24. Nxc5 Bxh2 25. Rh1 Rg8 26. Nd3 Rg2 27. Kc1 e5 28. Re1 Kd6 29. Kd2 f5 30. Ke3 e4 31. Nf4 Bxf4+ 32. Kxf4 Rxf2 33. Kxf5 Re2 34. Rd1+ Kc6 35. Kf4 f2 36. Rf1 e3 37. Kf3 Re1 38. Kg2 h5 0-1

[Event "HUN-ch U12"]
[Site "Celldoemoelk"]
[Date "2011.07.03"]
[Round "7"]
[White "Szilassi, Abel"]
[Black "Peczely, Sebastian Zsombor"]
[Result "1-0"]
[WhiteElo "1711"]
[BlackElo "1967"]
[PlyCount "71"]
[EventDate "2011.06.27"]
[EventType "swiss"]
[EventRounds "7"]
[EventCountry "HUN"]
[SourceTitle "EXT 2012"]
[Source "ChessBase"]
[SourceDate "2011.11.24"]
[SourceVersion "1"]
[SourceVersionDate "2011.11.24"]
[SourceQuality "1"]

1. e4 e5 2. Nf3 Nc6 3. d4 exd4 4. Nxd4 Bc5 5. Nxc6 Qf6 6. Qf3 Qxc6 7. Nc3 Ne7 8. Be3 0-0 9. 0-0-0 Bxe3+ 10. Qxe3 a6 11. f4 d6 12. f5 Re8 13. Qd4 Qc5 14. Qxc5 dxc5 15. g4 b6 16. Bg2 Bb7 17. h4 Nc6 18. Rd7 Re7 19. Rhd1 Rc8 20. g5 Kf8 21. f6 gxf6 22. gxf6 Rxd7 23. Rxd7 Ke8 24. Bh3 Kf8 25. Nd5 Ne5 26. Re7 Bxd5 27. Bxc8 Be6 28. Bxe6 fxe6 29. Rxe6 Ng6 30. h5 Nf4 31. Re7 Nxh5 32. e5 Nf4 33. Rxh7 Ng6 34. e6 c6 35. Rc7 Nf4 36. Rc8# 1-0